Datum a čas kvízu

36 Celkem bodů Celkový počet nahraných bodů na tomto kvízu bez doplňovacích otázek.
5. Pořadí na kvízu Konečné umístění týmu na tomto kvízu.

Zaznamenané odpovědi

# Otázka Odpověď Body Výsledky
1. Slovenští poslanci schválili n... 6 km za hodinu 1
2. Absolutní konec v české politi... Jana Maláčová 1
3. Jedna z nejpoužívanějších apli... ChatGPT 0
4. Z vítězství v páté řadě realit... mořského koníka 1
5. Projekt zcela nového stadionu... v Ostravě 1
6. Začneme základní otázkou. Kter... číslem 2 1
7. Kterou barvou je na mapě vyzna... červenou 1
8. Jak se slovy na V a K česky ří... Velká Kolumbie 1
9. Nejvyšší vodopád na světě najd... Salto Ángel 0
10. Vzhledem k přírodním podmínkám... kukuřice 1